|
|
|
|
| LEADER |
01213nam a22003252a 4500 |
| 001 |
000331744 |
| 003 |
CZ BrMZK |
| 005 |
20140113124350.0 |
| 007 |
ta |
| 008 |
010907s1967 xr f cze d |
| 015 |
|
|
|a cnb000493267
|
| 035 |
|
|
|a (OCoLC)42099841
|
| 040 |
|
|
|a BOA001
|b cze
|
| 041 |
0 |
|
|a cze
|b fre
|
| 100 |
1 |
|
|a Dokoupil, Lumír,
|d 1935-
|7 jk01022538
|4 aut
|
| 245 |
1 |
0 |
|a Demografický vývoj ostravské aglomerace za průmyslové revoluce /
|c Lumír Dokoupil
|
| 250 |
|
|
|a 1. vyd.
|
| 260 |
|
|
|a Ostrava :
|b Pedagogická fakulta,
|c 1967
|
| 300 |
|
|
|a 71 s. :
|b il., mapy
|
| 490 |
1 |
|
|a Spisy Pedagogické fakulty v Ostravě ;
|v sv. 6
|
| 504 |
|
|
|a Obsahuje bibliografii
|
| 546 |
|
|
|a Francouzské resumé
|
| 810 |
2 |
|
|a Ostravská univerzita.
|b Pedagogická fakulta.
|t Spisy
|0 s
|
| 910 |
|
|
|a BOA001
|b 2-0654.695
|b PK-0048.515
|
| 920 |
|
|
|a 000424683
|
| 964 |
|
|
|a Ostrava-kraj - obyvatelstvo - vývoj - studie
|
| 990 |
|
|
|a BK
|
| 996 |
7 |
|
|b 2619790337
|c 2-0654.695
|l HP2
|r DEN
|n 4
|w 000331744
|u 000020
|a 1
|e BOA001
|j MZK50
|s A
|
| 996 |
6 |
|
|b 2619822005
|c 2-0654.695
|l HP2
|r DEN
|n 2
|w 000331744
|u 000030
|a 1
|e BOA001
|j MZK50
|s P
|
| 996 |
7 |
|
|b 3119802691
|c PK-0048.515
|l MZK
|r Sklad / do 1 hodiny
|n 4
|w 000331744
|u 000010
|a 1
|e BOA001
|j MZK50
|s A
|